Entry Topical Term
Number of records used in: 1
001 - CONTROL NUMBER
003 - CONTROL NUMBER IDENTIFIER
005 - DATE AND TIME OF LATEST TRANSACTION
- control field:
20210825114858.0
008 - FIXED-LENGTH DATA ELEMENTS
- fixed length control field:
210825|| aca||aabn | a|a d
040 ## - CATALOGING SOURCE
- Original cataloging agency:
OSt
- Transcribing agency:
OSt
150 ## - HEADING--TOPICAL TERM
- Topical term or geographic name as entry element:
PHARMACY
670 ## - SOURCE DATA FOUND
- Source citation:
Work cat.: (OSt)7448: SATYANARAYAN ,D.U AND CHAKRAPANI ,DR, U 6601, BIOCHEMISTRY : WITH BIOMEDICAL CONCEPTS, CLINICAL CORRELATES AND CASE STUDIES, 2017